| 000 | 00719nam a2200289Ia 4500 | ||
|---|---|---|---|
| 008 | 160803s9999 xx 000 0 und d | ||
| 020 | _a9780590466370 | ||
| 100 | _aKline, Suzy | ||
| 245 | _aHorrible Harry's secret / | ||
| 245 | _cby Suzy Kline ; pictures by Frank Remkiewicz. | ||
| 260 | _aNew York : | ||
| 260 | _bScholastic Inc. | ||
| 260 | _c1990 | ||
| 300 | _a51 pages : | ||
| 300 | _billustrations ; | ||
| 300 | _c20 cm | ||
| 650 | _aFriendship -- | ||
| 650 | _aFriendship -- | ||
| 650 | _aFriendship. | ||
| 650 | _aSchools -- | ||
| 650 | _aSchools -- | ||
| 650 | _xFiction. | ||
| 650 | _xFiction. | ||
| 650 | _xJuvenile fiction. | ||
| 650 | _xJuvenile fiction. | ||
| 700 | _a450 | ||
| 999 |
_c298751 _d298751 |
||